<?xml version="1.0" encoding="UTF-8"?>
<record
    xmlns:xsi="http://www.w3.org/2001/XMLSchema-instance"
    xsi:schemaLocation="http://www.loc.gov/MARC21/slim http://www.loc.gov/standards/marcxml/schema/MARC21slim.xsd"
    xmlns="http://www.loc.gov/MARC21/slim">

  <leader>03361cam a22003498i 4500</leader>
  <controlfield tag="008">                                        </controlfield>
  <datafield tag="020" ind1=" " ind2=" ">
    <subfield code="z">9781138358928 (hardback)</subfield>
  </datafield>
  <datafield tag="040" ind1=" " ind2=" ">
    <subfield code="a">NUST</subfield>
    <subfield code="e">rda</subfield>
    <subfield code="c">NUST</subfield>
  </datafield>
  <datafield tag="049" ind1=" " ind2=" ">
    <subfield code="a">MAIN</subfield>
  </datafield>
  <datafield tag="090" ind1="5" ind2="0">
    <subfield code="a">HC59.72.E5</subfield>
    <subfield code="b">CIR</subfield>
  </datafield>
  <datafield tag="245" ind1="0" ind2="4">
    <subfield code="a">The circular economy and the global south :</subfield>
    <subfield code="b">sustainable lifestyles and green industrial development /</subfield>
    <subfield code="c">edited by Patrick Schr&#xFFFD;eoder, Manisha Anantharaman, Kartika Anggraeni and Tim Foxon.</subfield>
  </datafield>
  <datafield tag="264" ind1=" " ind2="1">
    <subfield code="a">New York, NY :</subfield>
    <subfield code="b">Routledge,</subfield>
    <subfield code="c">2019.</subfield>
  </datafield>
  <datafield tag="300" ind1=" " ind2=" ">
    <subfield code="a">1 online resource.</subfield>
  </datafield>
  <datafield tag="336" ind1=" " ind2=" ">
    <subfield code="a">text</subfield>
    <subfield code="b">txt</subfield>
    <subfield code="2">rdacontent</subfield>
  </datafield>
  <datafield tag="337" ind1=" " ind2=" ">
    <subfield code="a">computer</subfield>
    <subfield code="b">n</subfield>
    <subfield code="2">rdamedia</subfield>
  </datafield>
  <datafield tag="338" ind1=" " ind2=" ">
    <subfield code="a">online resource</subfield>
    <subfield code="b">nc</subfield>
    <subfield code="2">rdacarrier</subfield>
  </datafield>
  <datafield tag="440" ind1="9" ind2="0">
    <subfield code="a">0 Pathways to sustainability series</subfield>
  </datafield>
  <datafield tag="500" ind1=" " ind2=" ">
    <subfield code="a">Includes index.</subfield>
  </datafield>
  <datafield tag="505" ind1="0" ind2=" ">
    <subfield code="a">Introduction -- Sustainable lifestyles, livelihoods and the circular economy / Patrick Schr&#xFFFD;eoder, Manisha Anantharaman, Kartika Anggraeni, Tim Foxon and Jeffrey Barber -- Narratives and politics of waste and the circular economy in the global south -- The many circuits of a circular economy / Ashish Chaturvedi, Jai Kumar Gaurav and Pragya Gupta -- The politics of marine plastics pollution / Patrick Schr&#xFFFD;eoder and Victoria Chillcott -- Circular economy and inclusion of informal waste pickers : political economy perspectives from India and Brazil / Patricia Noble Gonzales -- The role of women in upcycling initiatives in Jakarta, Indonesia : a case for the circular economy in a developing country / Priliantina Bebasari -- Policy frameworks and green industrial development approaches -- The Argentinean zero waste framework : implementation gaps and over-sight of reusable menstrual management technologies / Jacqueline Gaybor and Henry Chavez -- Assessment of the circular economy transition readiness at a national level : the Colombian case / Claudia Garcia and Steve Cayzer -- Promoting industrial symbiosis in China's industrial parks as a circular economy strategy: the experience of the Teda eco centre / An Chen, Yuyan Song and Kartika Anggraeni -- Accelerating the transition to a circular economy in africa : case studies from Kenya and South Africa / Peter Desmond and Milcah Asamba -- Livelihoods and traditional circular economy practices: -- Securing nutrition through the revival of circular lifestyles : a case study of endogenous rural communities in Rajasthan / Deepak Sharma and Jayesh Joshi -- Contesting thoughts and attitudes to "sufficiency" : organic farming in an urbanised village in Thailand / Atsushi Watabe -- Conclusion and outlook: circular economy approaches for the sustainable development goals -- Pathways to an inclusive circular economy / Patrick Schroeder, Manisha Anantharaman, Kartika Anggraeni, Tim Foxon -- Index.</subfield>
  </datafield>
  <datafield tag="588" ind1=" " ind2=" ">
    <subfield code="a">Description based on print version record and CIP data provided by publisher; resource not viewed.</subfield>
  </datafield>
  <datafield tag="650" ind1=" " ind2="0">
    <subfield code="a">Sustainable development</subfield>
    <subfield code="z">Developing countries.</subfield>
  </datafield>
  <datafield tag="650" ind1=" " ind2="0">
    <subfield code="a">Conservation of natural resources</subfield>
    <subfield code="z">Developing countries.</subfield>
  </datafield>
  <datafield tag="650" ind1=" " ind2="0">
    <subfield code="a">Recycling industry</subfield>
    <subfield code="z">Developing countries.</subfield>
  </datafield>
  <datafield tag="650" ind1=" " ind2="0">
    <subfield code="a">Environmental policy</subfield>
    <subfield code="z">Developing countries.</subfield>
  </datafield>
  <datafield tag="700" ind1="1" ind2=" ">
    <subfield code="a">Schr&#xFFFD;eoder, Patrick,</subfield>
    <subfield code="e">editor.</subfield>
  </datafield>
  <datafield tag="700" ind1="1" ind2=" ">
    <subfield code="a">Anantharaman, Manisha,</subfield>
    <subfield code="e">editor.</subfield>
  </datafield>
  <datafield tag="700" ind1="1" ind2=" ">
    <subfield code="a">Anggraeni, Kartika,</subfield>
    <subfield code="e">editor.</subfield>
  </datafield>
  <datafield tag="907" ind1=" " ind2=" ">
    <subfield code="a">.b10398296</subfield>
    <subfield code="b">21-08-19</subfield>
    <subfield code="c">21-08-19</subfield>
  </datafield>
  <controlfield tag="003"></controlfield>
  <controlfield tag="005">20230123141143.0</controlfield>
  <datafield tag="942" ind1=" " ind2=" ">
    <subfield code="c">BOOKS</subfield>
    <subfield code="k">HC59.72.E5</subfield>
    <subfield code="m">CIR</subfield>
  </datafield>
  <datafield tag="999" ind1=" " ind2=" ">
    <subfield code="c">168594</subfield>
    <subfield code="d">168594</subfield>
  </datafield>
  <datafield tag="952" ind1=" " ind2=" ">
    <subfield code="r">2023-01-23 00:00:00</subfield>
    <subfield code="l">0</subfield>
    <subfield code="o">HC59.72.E5 CIR</subfield>
    <subfield code="p">92004046543</subfield>
    <subfield code="v">80.00</subfield>
    <subfield code="w">2023-01-23</subfield>
    <subfield code="y">BOOKS</subfield>
    <subfield code="1">0</subfield>
    <subfield code="2">LCC</subfield>
    <subfield code="4">0</subfield>
    <subfield code="7">0</subfield>
    <subfield code="8">NFIC</subfield>
    <subfield code="0">0</subfield>
    <subfield code="a">MAIN</subfield>
    <subfield code="b">MAIN</subfield>
    <subfield code="c">GEN</subfield>
    <subfield code="d">2023-01-23</subfield>
    <subfield code="g">80.00</subfield>
  </datafield>
</record>
